| Record ID | ia:doomdawn0000nieb |
| Source | Internet Archive |
| Download MARC XML | https://archive.org/download/doomdawn0000nieb/doomdawn0000nieb_marc.xml |
| Download MARC binary | https://www.archive.org/download/doomdawn0000nieb/doomdawn0000nieb_meta.mrc |
LEADER: 01534cam a2200409Mi 4500
001 ocn874355838
003 OCoLC
005 20200617074000.4
008 910227s1936 nyu r 000 0 eng d
040 $aCST$beng$epn$cCST$dOCLCO$dOCLCF$dOCL$dOCLCQ$dOCL$dOCLCQ
035 $a(OCoLC)874355838
043 $an-us---
049 $aMAIN
100 1 $aNiebuhr, Reinhold,$d1892-1971.
245 10 $aDoom and dawn /$cby Reinhold Niebuhr and Sherwood Eddy.
260 $aNew York :$bEddy and Page,$c[1936?]
300 $a85 pages ;$c20 cm.
336 $atext$btxt$2rdacontent
337 $aunmediated$bn$2rdamedia
338 $avolume$bnc$2rdacarrier
490 1 $aWorld problems series ;$vno. 22
505 0 $aThe anarchy of the world / Reinhold Niebuhr -- What is wrong with the world and what can we do to right it? / Sherwood Eddy.
533 $aPrint reproduction.
590 $bArchive
650 0 $aSocial problems.
651 0 $aUnited States$xSocial conditions$y1933-1945.
650 7 $aSocial conditions$2fast$0(OCoLC)fst01919811
650 7 $aSocial problems.$2fast$0(OCoLC)fst01122778
651 7 $aUnited States.$2fast$0(OCoLC)fst01204155
648 7 $a1933-1945$2fast
700 1 $aEddy, Sherwood,$d1871-1963.
700 12 $aNiebuhr, Reinhold,$d1892-1971.$tAnarchy of the world.
700 12 $aEddy, Sherwood,$d1871-1963.$tWhat is wrong with the world and what can we do to right it?
830 0 $aChristianity and world problems ;$vno. 22.
994 $a92$bCST
976 $a10011447267
976 $a10011449316